Štátne intervencie a trh private equity v strednej a východnej Európe
Prezentácia rôznych názorov o štátnych intervenciách na trhu private equity. Predpoklady vývoja formálneho trhu private equity v strednej a východnej Európe. Budúci rozvoj trhu private equity v krajinách daného regiónu závisí od miery dosahov globálnej recesie a od predpokladov efektívneho fungovani...
Saved in:
| Main Author: | |
|---|---|
| Other Authors: | , |
| Format: | Book Chapter |
| Language: | Slovak |
| Subjects: | |
| Tags: |
No Tags, Be the first to tag this record!
|
MARC
| LEADER | 00000naa a2200000 4500 | ||
|---|---|---|---|
| 001 | 0166279 | ||
| 005 | 20240502083407.4 | ||
| 041 | 0 | |a slo | |
| 044 | |a CZ | ||
| 245 | 1 | 0 | |a Štátne intervencie a trh private equity v strednej a východnej Európe |c Elena Fetisovová, Eduard Hyránek, Ladislav Nagy |
| 520 | |a Prezentácia rôznych názorov o štátnych intervenciách na trhu private equity. Predpoklady vývoja formálneho trhu private equity v strednej a východnej Európe. Budúci rozvoj trhu private equity v krajinách daného regiónu závisí od miery dosahov globálnej recesie a od predpokladov efektívneho fungovania trhu. Značný objem nazhromaždeného kapitálu pred krízou ešte len čaká na investovanie, a preto sa nedá v súčasnom období očakávať drastická recesia trhu rizikového kapitálu v štátoch analyzovaného regiónu. | ||
| 610 | 2 | 0 | |a stredná Európa |
| 610 | 2 | 0 | |a východná Európa |
| 610 | 2 | 0 | |a podnik malý |
| 610 | 2 | 0 | |a podnik stredný |
| 610 | 2 | 0 | |a kapitál rizikový |
| 610 | 2 | 0 | |a investície |
| 610 | 2 | 0 | |a intervencie |
| 100 | 1 | |a Fetisovová, Elena | |
| 700 | 1 | |a Hyránek, Eduard, 1955- | |
| 700 | 1 | |a Nagy, Ladislav | |